000 00505nam a2200181 a 4500
001 7554
003 CO-ViMGA
008 141112s2004 ck r 000 u spa d
040 _aCO-ViMGA
_bspa
_cCO-ViMGA
082 0 4 _a628.445 C157
100 1 _aCampins Eritja, Mar
_96901
245 1 0 _aLa gestión de los residuos peligrosos en la comunidad europea
260 _aBarcelona :
_bBosch,
_c1993
300 _a318 p
650 1 4 _aINGENIERIA SANITARIA
650 1 4 _aRESIDUOS PELIGROSOS
_96902
942 _2ddc
_cBK
999 _c19501
_d19501